000 00431nam a2200145 4500
001 137619
003 ES-MaACL
007 t|
008 070214n19001980sp r ||||1| spa d
100 1 _aSalazar y Quintana, Francisco.
_9101834
245 1 0 _aMétodo práctico del idioma latino /
_cFrancisco Salazar y Quintana.
260 _aMadrid :
_bPedro Núñez,
_c[19__?]
300 _a2 v. ;
_c21 x 14 cm.
852 _aES-MaACL
_jB-3076-77
999 _c137619
_d137619